|
|
|
|
| LEADER |
01041cam a2200277 7i4500 |
| 001 |
0000060901 |
| 005 |
20210813090000.0 |
| 020 |
|
|
|a 9780199386307 (electronic book)
|
| 090 |
0 |
0 |
|a RC569.5.V55
|b I332 2016
|
| 245 |
0 |
0 |
|a International perspectives on violence risk assessment
|c edited by Jay P. Singh, Stal Bjorkly, Seena Fazel.
|
| 264 |
|
|
|a New York, NY:
|b Oxford University Press,
|c 2016.
|
| 300 |
|
|
|a 1 online resource (391 pages):
|b text file, PDF.
|
| 336 |
|
|
|a text
|2 rdacontent
|
| 337 |
|
|
|a computer
|2 rdamedia
|
| 338 |
|
|
|a online resource
|2 rdacarrier
|
| 490 |
0 |
|
|a American psychology-law society series
|
| 650 |
|
0 |
|a Violent offenders
|
| 650 |
|
0 |
|a Violence --
|x Forecasting
|
| 650 |
|
0 |
|a Violence
|
| 700 |
1 |
|
|a Bjorkly, Stal
|
| 700 |
1 |
|
|a Singh, Jay P.
|
| 700 |
1 |
|
|a Fazel, Seena
|
| 856 |
4 |
2 |
|u http://library.unisel.edu.my/web/guest/mylibrary
|
| 997 |
|
|
|a Education & Social Sciences, Faculty
|b Social Sciences, Department
|
| 998 |
|
|
|a Industrial Psychology, Degree
|
| 999 |
|
|
|a EBO0006386
|b EBOOK
|c EBOOK
|e Electronic resources
|